<?xml version="1.0" encoding="UTF-8"?>
<record
    xmlns:xsi="http://www.w3.org/2001/XMLSchema-instance"
    xsi:schemaLocation="http://www.loc.gov/MARC21/slim http://www.loc.gov/standards/marcxml/schema/MARC21slim.xsd"
    xmlns="http://www.loc.gov/MARC21/slim">

  <leader>02675nam0a2200349   4500</leader>
  <controlfield tag="001">RU\NLR\BIBL_A\012850667</controlfield>
  <controlfield tag="005">20260407013439.0</controlfield>
  <datafield tag="010" ind1=" " ind2=" ">
    <subfield code="a">5-86532-036-X</subfield>
    <subfield code="9">1000</subfield>
  </datafield>
  <datafield tag="021" ind1=" " ind2=" ">
    <subfield code="a">RU</subfield>
    <subfield code="b">[97-50618]</subfield>
  </datafield>
  <datafield tag="035" ind1=" " ind2=" ">
    <subfield code="a">(NLR Aleph) 012850667</subfield>
  </datafield>
  <datafield tag="090" ind1=" " ind2=" ">
    <subfield code="a">12426223</subfield>
    <subfield code="c">12426223</subfield>
  </datafield>
  <datafield tag="100" ind1=" " ind2=" ">
    <subfield code="a">20041129d1997    |||y0rusy50      ca</subfield>
  </datafield>
  <datafield tag="101" ind1="0" ind2=" ">
    <subfield code="a">rus</subfield>
  </datafield>
  <datafield tag="102" ind1=" " ind2=" ">
    <subfield code="a">RU</subfield>
  </datafield>
  <datafield tag="105" ind1=" " ind2=" ">
    <subfield code="a">y   j||||||||</subfield>
  </datafield>
  <datafield tag="200" ind1="1" ind2=" ">
    <subfield code="a">&#x424;&#x435;&#x434;&#x435;&#x440;&#x430;&#x43B;&#x44C;&#x43D;&#x430;&#x44F; &#x433;&#x43E;&#x441;&#x443;&#x434;&#x430;&#x440;&#x441;&#x442;&#x432;&#x435;&#x43D;&#x43D;&#x430;&#x44F; &#x441;&#x43B;&#x443;&#x436;&#x431;&#x430;</subfield>
    <subfield code="e">&#x43A;&#x430;&#x434;&#x440;&#x43E;&#x432;&#x44B;&#x439; &#x441;&#x43E;&#x441;&#x442;&#x430;&#x432;, &#x435;&#x433;&#x43E; &#x43F;&#x440;&#x43E;&#x444;&#x435;&#x441;&#x441;&#x438;&#x43E;&#x43D;&#x430;&#x43B;&#x44C;&#x43D;&#x43E;&#x435; &#x438; &#x434;&#x43E;&#x43B;&#x436;&#x43D;&#x43E;&#x441;&#x442;&#x43D;&#x43E;&#x435; &#x440;&#x430;&#x437;&#x432;&#x438;&#x442;&#x438;&#x435;</subfield>
    <subfield code="e">&#x443;&#x447;&#x435;&#x431;&#x43D;&#x43E;-&#x43C;&#x435;&#x442;&#x43E;&#x434;&#x438;&#x447;&#x435;&#x441;&#x43A;&#x43E;&#x435; &#x43F;&#x43E;&#x441;&#x43E;&#x431;&#x438;&#x435;</subfield>
    <subfield code="f">[&#x410;&#x431;&#x440;&#x430;&#x43C;&#x43E;&#x432; &#x412;.&#x41B;., &#x43A;&#x430;&#x43D;&#x434;&#x438;&#x434;&#x430;&#x442; &#x438;&#x43D;&#x444;&#x43E;&#x440;&#x43C;&#x430;&#x446;&#x438;&#x43E;&#x43D;&#x43D;&#x44B;&#x445; &#x43D;&#x430;&#x443;&#x43A;, &#x434;&#x43E;&#x446;&#x435;&#x43D;&#x442;, &#x412;&#x430;&#x43D;&#x433;&#x43D;&#x438;&#x446; &#x41D;.&#x41F;., &#x413;&#x440;&#x430;&#x436;&#x434;&#x430;&#x43D; &#x412;.&#x414;., &#x434;&#x43E;&#x43A;&#x442;&#x43E;&#x440; &#x444;&#x438;&#x43B;&#x43E;&#x441;&#x43E;&#x444;&#x441;&#x43A;&#x438;&#x445; &#x43D;&#x430;&#x443;&#x43A;, &#x43F;&#x440;&#x43E;&#x444;&#x435;&#x441;&#x441;&#x43E;&#x440; &#x438; &#x434;&#x440;.</subfield>
    <subfield code="g">&#x43F;&#x43E;&#x434; &#x43E;&#x431;&#x449;&#x438;&#x43C; &#x43D;&#x430;&#x443;&#x447;&#x43D;&#x44B;&#x43C; &#x440;&#x443;&#x43A;&#x43E;&#x432;&#x43E;&#x434;&#x441;&#x442;&#x432;&#x43E;&#x43C; &#x434;&#x43E;&#x43A;&#x442;&#x43E;&#x440;&#x430; &#x444;&#x438;&#x43B;&#x43E;&#x441;&#x43E;&#x444;&#x441;&#x43A;&#x438;&#x445; &#x43D;&#x430;&#x443;&#x43A;, &#x430;&#x43A;&#x430;&#x434;&#x435;&#x43C;&#x438;&#x43A;&#x430; &#x41C;&#x435;&#x436;&#x434;&#x443;&#x43D;&#x430;&#x440;&#x43E;&#x434;&#x43D;&#x43E;&#x439; &#x430;&#x43A;&#x430;&#x434;&#x435;&#x43C;&#x438;&#x438; &#x438;&#x43D;&#x444;&#x43E;&#x440;&#x43C;&#x430;&#x442;&#x438;&#x437;&#x430;&#x446;&#x438;&#x438; &#x41B;&#x430;&#x43F;&#x442;&#x435;&#x432;&#x430; &#x418;.&#x414;. &#x438; &#x434;&#x43E;&#x43A;&#x442;&#x43E;&#x440;&#x430; &#x441;&#x43E;&#x446;&#x438;&#x43E;&#x43B;&#x43E;&#x433;&#x438;&#x447;&#x435;&#x441;&#x43A;&#x438;&#x445; &#x43D;&#x430;&#x443;&#x43A;, &#x43F;&#x440;&#x43E;&#x444;&#x435;&#x441;&#x441;&#x43E;&#x440;&#x430; &#x41E;&#x445;&#x43E;&#x442;&#x441;&#x43A;&#x43E;&#x433;&#x43E; &#x415;.&#x412;.]</subfield>
    <subfield code="g">&#x413;&#x43E;&#x441;&#x443;&#x434;&#x430;&#x440;&#x441;&#x442;&#x432;&#x435;&#x43D;&#x43D;&#x44B;&#x439; &#x43A;&#x43E;&#x43C;&#x438;&#x442;&#x435;&#x442; &#x420;&#x43E;&#x441;&#x441;&#x438;&#x439;&#x441;&#x43A;&#x43E;&#x439; &#x424;&#x435;&#x434;&#x435;&#x440;&#x430;&#x446;&#x438;&#x438; &#x43F;&#x43E; &#x43F;&#x435;&#x447;&#x430;&#x442;&#x438;, &#x41D;&#x430;&#x443;&#x447;&#x43D;&#x43E;-&#x438;&#x441;&#x441;&#x43B;&#x435;&#x434;&#x43E;&#x432;&#x430;&#x442;&#x435;&#x43B;&#x44C;&#x441;&#x43A;&#x438;&#x439; &#x446;&#x435;&#x43D;&#x442;&#x440; &#x443;&#x43F;&#x440;&#x430;&#x432;&#x43B;&#x435;&#x43D;&#x438;&#x44F;, &#x44D;&#x43A;&#x43E;&#x43D;&#x43E;&#x43C;&#x438;&#x43A;&#x438; &#x438; &#x438;&#x43D;&#x444;&#x43E;&#x440;&#x43C;&#x430;&#x442;&#x438;&#x43A;&#x438; &#x41D;&#x418;&#x426; "&#x42D;&#x43A;&#x43E;&#x43D;&#x43E;&#x43C;&#x438;&#x43A;&#x430;"</subfield>
  </datafield>
  <datafield tag="210" ind1=" " ind2=" ">
    <subfield code="a">&#x41C;&#x43E;&#x441;&#x43A;&#x432;&#x430;</subfield>
    <subfield code="c">&#x413;&#x41F; &#x41D;&#x418;&#x426; "&#x42D;&#x43A;&#x43E;&#x43D;&#x43E;&#x43C;&#x438;&#x43A;&#x430;"</subfield>
    <subfield code="d">1997</subfield>
  </datafield>
  <datafield tag="215" ind1=" " ind2=" ">
    <subfield code="a">255 &#x441;.</subfield>
    <subfield code="d">20</subfield>
  </datafield>
  <datafield tag="320" ind1=" " ind2=" ">
    <subfield code="a">&#x411;&#x438;&#x431;&#x43B;&#x438;&#x43E;&#x433;&#x440;. &#x432; &#x43A;&#x43E;&#x43D;&#x446;&#x435; &#x433;&#x43B;&#x430;&#x432;, &#x432; &#x43F;&#x43E;&#x434;&#x441;&#x442;&#x440;&#x43E;&#x447;. &#x43F;&#x440;&#x438;&#x43C;&#x435;&#x447;. &#x438; &#x432; &#x442;&#x435;&#x43A;&#x441;&#x442;&#x435;</subfield>
  </datafield>
  <datafield tag="606" ind1="1" ind2=" ">
    <subfield code="a">&#x413;&#x43E;&#x441;&#x443;&#x434;&#x430;&#x440;&#x441;&#x442;&#x432;&#x435;&#x43D;&#x43D;&#x430;&#x44F; &#x441;&#x43B;&#x443;&#x436;&#x431;&#x430;</subfield>
    <subfield code="j">&#x420;&#x443;&#x43A;&#x43E;&#x432;&#x43E;&#x434;&#x441;&#x442;&#x432;&#x430;, &#x43F;&#x43E;&#x441;&#x43E;&#x431;&#x438;&#x44F; &#x438; &#x442;.&#x43F;.</subfield>
    <subfield code="y">&#x420;&#x43E;&#x441;&#x441;&#x438;&#x439;&#x441;&#x43A;&#x430;&#x44F; &#x424;&#x435;&#x434;&#x435;&#x440;&#x430;&#x446;&#x438;&#x44F;</subfield>
    <subfield code="9">2077886</subfield>
    <subfield code="3">RU\NLR\AUTH\661253643</subfield>
  </datafield>
  <datafield tag="686" ind1="1" ind2=" ">
    <subfield code="a">&#x425;621.011-921&#x44F;7</subfield>
  </datafield>
  <datafield tag="701" ind1=" " ind2="1">
    <subfield code="8">rus</subfield>
    <subfield code="7">ca</subfield>
    <subfield code="a">&#x410;&#x431;&#x440;&#x430;&#x43C;&#x43E;&#x432;</subfield>
    <subfield code="b">&#x412;. &#x41B;.</subfield>
    <subfield code="c">&#x434;-&#x440; &#x44D;&#x43A;&#x43E;&#x43D;. &#x43D;&#x430;&#x443;&#x43A;</subfield>
    <subfield code="g">&#x412;&#x430;&#x43B;&#x435;&#x440;&#x438;&#x439; &#x41B;&#x435;&#x43E;&#x43D;&#x438;&#x434;&#x43E;&#x432;&#x438;&#x447;</subfield>
    <subfield code="3">RU\NLR\AUTH\7719345</subfield>
    <subfield code="9">2417</subfield>
  </datafield>
  <datafield tag="701" ind1=" " ind2="1">
    <subfield code="a">&#x412;&#x430;&#x43D;&#x433;&#x43D;&#x438;&#x446;</subfield>
    <subfield code="b">&#x41D;. &#x41F;.</subfield>
    <subfield code="g">&#x41D;&#x438;&#x43A;&#x43E;&#x43B;&#x430;&#x439; &#x41F;&#x430;&#x432;&#x43B;&#x43E;&#x432;&#x438;&#x447;</subfield>
  </datafield>
  <datafield tag="701" ind1=" " ind2="1">
    <subfield code="a">&#x413;&#x440;&#x430;&#x436;&#x434;&#x430;&#x43D;</subfield>
    <subfield code="b">&#x412;. &#x414;.</subfield>
    <subfield code="g">&#x412;&#x430;&#x43B;&#x435;&#x440;&#x438;&#x439; &#x414;&#x43C;&#x438;&#x442;&#x440;&#x438;&#x435;&#x432;&#x438;&#x447;</subfield>
  </datafield>
  <datafield tag="702" ind1=" " ind2="1">
    <subfield code="a">&#x41B;&#x430;&#x43F;&#x442;&#x435;&#x432;</subfield>
    <subfield code="b">&#x418;. &#x414;.</subfield>
    <subfield code="f">1934-</subfield>
    <subfield code="g">&#x418;&#x432;&#x430;&#x43D; &#x414;&#x43C;&#x438;&#x442;&#x440;&#x438;&#x435;&#x432;&#x438;&#x447;</subfield>
    <subfield code="4">340</subfield>
  </datafield>
  <datafield tag="702" ind1=" " ind2="1">
    <subfield code="4">340</subfield>
    <subfield code="8">rus</subfield>
    <subfield code="7">ca</subfield>
    <subfield code="a">&#x41E;&#x445;&#x43E;&#x442;&#x441;&#x43A;&#x438;&#x439;</subfield>
    <subfield code="b">&#x415;. &#x412;.</subfield>
    <subfield code="g">&#x415;&#x432;&#x433;&#x435;&#x43D;&#x438;&#x439; &#x412;&#x430;&#x441;&#x438;&#x43B;&#x44C;&#x435;&#x432;&#x438;&#x447;</subfield>
    <subfield code="3">RU\NLR\AUTH\776660</subfield>
    <subfield code="9">116609</subfield>
  </datafield>
  <datafield tag="712" ind1="0" ind2="2">
    <subfield code="4">475</subfield>
    <subfield code="a">&#x41D;&#x430;&#x443;&#x447;&#x43D;&#x43E;-&#x438;&#x441;&#x441;&#x43B;&#x435;&#x434;&#x43E;&#x432;&#x430;&#x442;&#x435;&#x43B;&#x44C;&#x441;&#x43A;&#x438;&#x439; &#x446;&#x435;&#x43D;&#x442;&#x440; &#x443;&#x43F;&#x440;&#x430;&#x432;&#x43B;&#x435;&#x43D;&#x438;&#x44F;, &#x44D;&#x43A;&#x43E;&#x43D;&#x43E;&#x43C;&#x438;&#x43A;&#x438; &#x438; &#x438;&#x43D;&#x444;&#x43E;&#x440;&#x43C;&#x430;&#x442;&#x438;&#x43A;&#x438;</subfield>
    <subfield code="c">&#x41C;&#x43E;&#x441;&#x43A;&#x432;&#x430;</subfield>
    <subfield code="3">RU\NLR\AUTH\8810001501</subfield>
    <subfield code="9">500183</subfield>
  </datafield>
  <datafield tag="801" ind1=" " ind2="0">
    <subfield code="a">RU</subfield>
    <subfield code="b">NLR</subfield>
    <subfield code="g">psbo</subfield>
  </datafield>
  <datafield tag="852" ind1=" " ind2=" ">
    <subfield code="a">NLR</subfield>
    <subfield code="j">99-3/3910</subfield>
  </datafield>
  <datafield tag="942" ind1=" " ind2=" ">
    <subfield code="c">BOOK</subfield>
  </datafield>
  <datafield tag="980" ind1=" " ind2=" ">
    <subfield code="a">NB</subfield>
  </datafield>
  <datafield tag="995" ind1=" " ind2=" ">
    <subfield code="5">2022-07-19</subfield>
    <subfield code="b">NLR01</subfield>
    <subfield code="c">NLR01</subfield>
    <subfield code="e">RF8</subfield>
    <subfield code="f">ERR-249648</subfield>
    <subfield code="k">99-3/3910</subfield>
    <subfield code="o">0</subfield>
    <subfield code="r">BOOK</subfield>
    <subfield code="s">9933910_</subfield>
  </datafield>
</record>
